| 000 -ლიდერი |
| ფიქსირებული სიგრძის საკონტროლო ველი |
01264nam a22002177a 4500 |
| 003 - საკონტროლო ნომრის იდენტიფიკატორი |
| საკონტროლო ველი |
Ge_BSU |
| 005 - ბოლო ოპერაციის თარიღი და დრო |
| საკონტროლო ველი |
20241023134153.0 |
| 008 - ფიქსირებული სიგრძის მონაცემთა ელემენტები - ზოგადი ინფორმაცია |
| ფიქსირებული სიგრძის საკონტროლო ველი |
241023s2008 ge ||||| |||| 00| 0 geo d |
| 020 ## - წიგნის საერთაშორისო სტანდარტული ნომერი |
| International Standard Book Number |
9789941006104 |
| 041 ## - ენის კოდი |
| Language code of text/sound track or separate title |
geo |
| 080 ## - უნივერსალური ათობითი კლასიფიკაციის ინდექსი |
| Universal Decimal Classification number |
821.353.1.09-91(072) : 37.016 ბ-26 |
| 100 ## - მთავარი ჩანაწერი - პიროვნების სახელი |
| Personal name |
ბარბაქაძე, ქეთევან |
| 9 (RLIN) |
23502 |
| 245 ## - ცნობა სათაურის შესახებ |
| Title |
ზეპირსიტყვიერების სწავლების საკითხები ქართულ პედაგოგიკურსა და მეთოდიკურ აზროვნებაში : |
| Remainder of title |
(XIX საუკუნის 60-იანი და XX საუკუნის 50-იანი წლები) / |
| Statement of responsibility, etc |
ქეთევან ბარბაქაძე; რედ. ამირან არაბული. |
| 264 ## - წარმოების, გამოცემის, დისტრიბუციის და სხვა ცნობები |
| გამოცემის, წარმოების, დისტრიბუციის... ადგილი |
თბ., |
| გამოცემის, წარმოების, დისტრიბუციის... თარიღი |
2008. |
| 300 ## - ფიზიკური აღწერა |
| Extent |
128გვ. ; |
| Other physical details |
20სმ. |
| 504 ## - BIBLIOGRAPHY, ETC. NOTE |
| Bibliography, etc |
ბიბლიოგრ. ტექსტ. შენიშვნ. და გვ. 121-125. |
| 653 ## - INDEX TERM--UNCONTROLLED |
| Uncontrolled term |
ქართული ზეპირსიტყვიერების სწავლება |
| 700 ## - ADDED ENTRY--PERSONAL NAME |
| Personal name |
არაბული, ამირან |
| Relator term |
რედაქტორი |
| 9 (RLIN) |
5770 |
| 773 ## - HOST ITEM ENTRY |
| Title |
ნაჩუქარი |
| 942 ## - ADDED ENTRY ELEMENTS (KOHA) |
| Source of classification or shelving scheme |
|
| Koha item type |
წიგნი |